[Event "Oberliga Nord O 1617"]
[Site "Germany"]
[Date "2017.02.05"]
[Round "5.7"]
[White "Schwenteck, Carsten"]
[Black "Woll, Wilfried"]
[Result "0-1"]
[WhiteElo "2013"]
[BlackElo "2075"]
[PlyCount "98"]
[EventDate "2016.10.16"]
[EventType "team-tourn"]
[EventRounds "9"]
[EventCountry "GER"]
[SourceTitle "EXT 2018"]
[Source "ChessBase"]
[SourceDate "2017.10.13"]
[SourceVersion "1"]
[SourceVersionDate "2017.10.13"]
[SourceQuality "1"]
[WhiteTeam "Oranienburg"]
[BlackTeam "Greifswald"]
[WhiteTeamCountry "GER"]
[BlackTeamCountry "GER"]

1. c4 e5 2. Nc3 c6 3. Nf3 Qa5 4. Qa4 Qxa4 5. Nxa4 e4 6. Nd4 Nf6 7. g3 d5 8. Bg2 dxc4 9. Nc3 Bc5 10. Nc2 Bf5 11. Ne3 Bxe3 12. fxe3 Nbd7 13. b3 Nb6 14. Bb2 0-0 15. Rf1 Bg6 16. Rxf6 gxf6 17. Nxe4 Bxe4 18. Bxe4 Rfe8 19. Bf5 cxb3 20. axb3 a5 21. Bxf6 a4 22. bxa4 Rxa4 23. Rxa4 Nxa4 24. Bd4 c5 25. Bd7 Ra8 26. Be5 Nb6 27. Bb5 Ra5 28. Bd3 Nd7 29. Bc3 Ra7 30. Bb5 b6 31. d4 Kf8 32. Kd2 Ke7 33. Kc2 Nf6 34. dxc5 bxc5 35. h3 Nd5 36. Bd2 Ra2+ 37. Kc1 Ra1+ 38. Kb2 Rg1 39. e4 Nf6 40. Bf4 Nxe4 41. Bd3 Nxg3 42. Be3 Rg2 43. Bxc5+ Ke6 44. Bxh7 Nxe2 45. Kc2 Nf4+ 46. Kd1 Nxh3 47. Ke1 f5 48. Bd4 Nf4 49. Kf1 Rg4 0-1

[Event "GER-chT11-B2 email"]
[Site "GER email"]
[Date "2015.10.15"]
[Round "?.1"]
[White "Bissmann, Stefan"]
[Black "Schwenteck, Carsten"]
[Result "1/2-1/2"]
[WhiteElo "2390"]
[BlackElo "2472"]
[PlyCount "55"]
[EventDate "2015.??.??"]
[EventType "tourn (corr)"]
[EventRounds "8"]
[EventCountry "GER"]
[SourceTitle "Corr 2017"]
[Source "ChessBase"]
[SourceDate "2017.09.19"]
[SourceVersion "1"]
[SourceVersionDate "2017.09.19"]
[SourceQuality "1"]
[WhiteTeam "Schachfreunde Schlebusch"]
[BlackTeam "Raisdorfer Schachgemeinschaft"]

1. e4 e6 2. d4 d5 3. Nc3 Nf6 4. Bg5 dxe4 5. Nxe4 Nbd7 6. Nf3 h6 7. Nxf6+ Nxf6 8. Bh4 c5 9. Bc4 a6 10. 0-0 cxd4 11. Qe2 Qb6 12. Rab1 Be7 13. Rfd1 Bd7 14. Nxd4 0-0 15. c3 Rfe8 16. h3 Ba4 17. Rd2 Rad8 18. Re1 Nd5 19. Bxe7 Nxe7 20. b3 Bb5 21. Bxb5 axb5 22. Red1 Rd5 23. c4 bxc4 24. bxc4 Rd6 25. Nb5 Rxd2 26. Qxd2 Qc6 27. Qd7 Ng6 28. Qxc6 1/2-1/2

[Event "GER-chT11-B2 email"]
[Site "GER email"]
[Date "2015.10.15"]
[Round "?.1"]
[White "Schulz, Guenter"]
[Black "Schwenteck, Carsten"]
[Result "1/2-1/2"]
[WhiteElo "2375"]
[BlackElo "2472"]
[PlyCount "53"]
[EventDate "2015.??.??"]
[EventType "tourn (corr)"]
[EventRounds "8"]
[EventCountry "GER"]
[SourceTitle "Corr 2017"]
[Source "ChessBase"]
[SourceDate "2017.09.19"]
[SourceVersion "1"]
[SourceVersionDate "2017.09.19"]
[SourceQuality "1"]
[WhiteTeam "Zugzwang Bocholt"]
[BlackTeam "Raisdorfer Schachgemeinschaft"]

1. e4 e6 2. d4 d5 3. Nc3 Nf6 4. Bg5 dxe4 5. Nxe4 Nbd7 6. Nxf6+ Nxf6 7. Nf3 h6 8. Bh4 c5 9. Bc4 a6 10. 0-0 cxd4 11. Nxd4 Qc7 12. Qe2 Bd6 13. Rad1 0-0 14. h3 Nh5 15. Qxh5 Qxc4 16. Rfe1 Qc5 17. Qf3 Qb6 18. Re3 f6 19. Rb3 Qc7 20. Rc3 Qe7 21. Rcd3 Bc7 22. R3d2 Rd8 23. Bg3 e5 24. Nf5 Bxf5 25. Qxf5 Rxd2 26. Rxd2 Rd8 27. Rxd8+ 1/2-1/2

[Event "GER-chT22 Lands V-Gruppe 2 email"]
[Site "GER email"]
[Date "2013.02.12"]
[Round "?"]
[White "Schwenteck, Carsten"]
[Black "Peters, Andreas"]
[Result "1/2-1/2"]
[WhiteElo "2226"]
[BlackElo "2022"]
[PlyCount "45"]
[EventDate "2013.02.25"]
[EventType "tourn (corr)"]
[EventRounds "4"]
[EventCountry "GER"]
[SourceTitle "Corr 2015"]
[Source "ChessBase"]
[SourceDate "2015.07.17"]
[SourceVersion "1"]
[SourceVersionDate "2015.07.17"]
[SourceQuality "1"]

1. Nf3 d5 2. c4 dxc4 3. e3 e6 4. Bxc4 Nf6 5. d4 c5 6. Qe2 a6 7. a4 cxd4 8. exd4 Nc6 9. Be3 Bd6 10. Nc3 0-0 11. 0-0 h6 12. Rac1 Re8 13. Rfd1 Qe7 14. h3 Bd7 15. d5 Ne5 16. dxe6 Bxe6 17. Bxe6 Qxe6 18. Nd4 Qd7 19. Qc2 Rad8 20. Nf5 Qe6 21. Nxd6 Rxd6 22. Rxd6 Qxd6 23. Rd1 1/2-1/2

[Event "GER 1. Rucki-Zucki-Cup/F01 email"]
[Site "GER email"]
[Date "2012.09.19"]
[Round "?"]
[White "Meissner, Ruediger"]
[Black "Schwenteck, Carsten"]
[Result "1/2-1/2"]
[WhiteElo "2016"]
[BlackElo "2241"]
[PlyCount "43"]
[EventDate "2012.09.22"]
[EventType "tourn (corr)"]
[EventRounds "7"]
[EventCountry "GER"]
[SourceTitle "Corr 2015"]
[Source "ChessBase"]
[SourceDate "2015.07.17"]
[SourceVersion "1"]
[SourceVersionDate "2015.07.17"]
[SourceQuality "1"]

1. d4 d5 2. c4 c6 3. Nf3 Nf6 4. Nc3 e6 5. e3 a6 6. b3 Nbd7 7. Bd3 Bb4 8. Bd2 Bd6 9. 0-0 0-0 10. Qc2 e5 11. cxd5 cxd5 12. e4 exd4 13. Nxd5 Nxd5 14. exd5 Nf6 15. h3 Bd7 16. Rad1 Re8 17. Nxd4 Rc8 18. Qb1 h6 19. Nf5 Bxf5 20. Bxf5 Rc5 21. Rfe1 Rxd5 22. Rxe8+ 1/2-1/2

[Event "GER-chT20 Lands final email"]
[Site "GER email"]
[Date "2012.04.01"]
[Round "?"]
[White "Schwenteck, Carsten"]
[Black "Hoebel, Hartmut"]
[Result "1-0"]
[WhiteElo "2241"]
[BlackElo "2164"]
[PlyCount "119"]
[EventDate "2012.04.02"]
[EventType "tourn (corr)"]
[EventRounds "4"]
[EventCountry "GER"]
[SourceTitle "Corr 2015"]
[Source "ChessBase"]
[SourceDate "2015.07.17"]
[SourceVersion "1"]
[SourceVersionDate "2015.07.17"]
[SourceQuality "1"]

1. c4 Nf6 2. d4 e6 3. Nc3 Bb4 4. f3 d5 5. a3 Bxc3+ 6. bxc3 c5 7. cxd5 Nxd5 8. dxc5 f5 9. Nh3 0-0 10. Nf4 Nxc3 11. Qb3 Nd5 12. Nxd5 exd5 13. Bf4 Qa5+ 14. Qb4 Nc6 15. Qxa5 Nxa5 16. e3 Be6 17. Rb1 Rf7 18. Bd6 Rd8 19. Kf2 Nc4 20. Bxc4 dxc4 21. a4 Rfd7 22. a5 h5 23. e4 fxe4 24. fxe4 Rc8 25. Ke3 Rc6 26. Rb5 Kh7 27. Rhb1 c3 28. Rc1 Bc4 29. Rbb1 Be6 30. Kf4 c2 31. Rb5 Bg4 32. h3 Rf7+ 33. Ke3 Bd1 34. e5 a6 35. Rb4 Rc8 36. e6 Re8 37. e7 Rfxe7+ 38. Bxe7 Rxe7+ 39. Kd3 Kg6 40. Ra1 Kf5 41. Kc3 Rc7 42. Kb2 Be2 43. Rb3 Rxc5 44. Rc3 Rxc3 45. Kxc3 Bd1 46. Kd2 g6 47. g3 g5 48. Ra3 h4 49. gxh4 gxh4 50. Kc1 Kg5 51. Rb3 Kf4 52. Rc3 Bf3 53. Kxc2 Kg3 54. Kd2 Kf4 55. Ke1 Bc6 56. Kf2 Bd7 57. Rc4+ Kg5 58. Kg2 Bc6+ 59. Kh2 Bd7 60. Rc7 1-0

[Event "GER-chT9 LI-23 Br01 email"]
[Site "GER email"]
[Date "2011.10.17"]
[Round "?"]
[White "Kunzelmann, Fred"]
[Black "Schwenteck, Carsten"]
[Result "1/2-1/2"]
[WhiteElo "2258"]
[BlackElo "2258"]
[PlyCount "54"]
[EventDate "2011.10.23"]
[EventType "tourn (corr)"]
[EventRounds "8"]
[EventCountry "GER"]
[SourceTitle "Corr 2015"]
[Source "ChessBase"]
[SourceDate "2015.07.17"]
[SourceVersion "1"]
[SourceVersionDate "2015.07.17"]
[SourceQuality "1"]

1. e4 e6 2. d4 d5 3. Nd2 c5 4. exd5 exd5 5. Ngf3 Nf6 6. Bb5+ Bd7 7. Bxd7+ Nbxd7 8. 0-0 Be7 9. dxc5 Nxc5 10. Nb3 Nce4 11. Nfd4 0-0 12. Nf5 Re8 13. Nxe7+ Qxe7 14. Be3 Qc7 15. Bd4 a5 16. a4 Ra6 17. Re1 Rae6 18. f3 Nd6 19. Bf2 Nc4 20. Rb1 Qf4 21. Qd4 Rxe1+ 22. Bxe1 Qf5 23. Qf2 Qd7 24. Nc5 Qc6 25. Bc3 b6 26. Nb3 Qxa4 27. Bxf6 gxf6 1/2-1/2

[Event "GER Cup17 final email"]
[Site "GER email"]
[Date "2011.03.01"]
[Round "?"]
[White "Gunkel, Wolfgang"]
[Black "Schwenteck, Carsten"]
[Result "1/2-1/2"]
[WhiteElo "2114"]
[BlackElo "2251"]
[PlyCount "96"]
[EventDate "2011.03.10"]
[EventType "tourn (corr)"]
[EventRounds "16"]
[EventCountry "GER"]
[SourceTitle "Corr 2015"]
[Source "ChessBase"]
[SourceDate "2015.07.17"]
[SourceVersion "1"]
[SourceVersionDate "2015.07.17"]
[SourceQuality "1"]
[WhiteTeam "Germany"]
[BlackTeam "Germany"]
[WhiteTeamCountry "GER"]
[BlackTeamCountry "GER"]

1. d4 d5 2. c4 c6 3. Nc3 Nf6 4. Nf3 e6 5. e3 Nbd7 6. Qc2 Bd6 7. Bd3 0-0 8. 0-0 dxc4 9. Bxc4 b5 10. Bd3 Bb7 11. a3 Qe7 12. e4 e5 13. Ne2 Rfe8 14. Ng3 g6 15. Bg5 a6 16. Nxe5 Nxe5 17. dxe5 Qxe5 18. f4 Qc5+ 19. Kh1 Qxc2 20. Bxc2 Be7 21. e5 Nd5 22. Bxe7 Rxe7 23. Ne4 c5 24. Rae1 c4 25. h4 Bc6 26. Kh2 a5 27. Nd6 c3 28. bxc3 Nxc3 29. f5 Bd5 30. Re3 b4 31. h5 gxf5 32. Bxf5 Rd8 33. axb4 axb4 34. Rf4 f6 35. Rxb4 fxe5 36. Rxc3 Rxd6 37. Rg3+ Rg7 38. Rd3 Rxg2+ 39. Kh3 Rg5 40. Rxd5 Rxd5 41. Be6+ Kg7 42. Bxd5 Rxh5+ 43. Kg4 Rh2 44. Rb7+ Kf6 45. Rb6+ Ke7 46. Kf5 Rh5+ 47. Ke4 Rh4+ 48. Kxe5 Rh5+ 1/2-1/2